000 00338nam a2200145Ia 4500
003 OSt
005 20240223122645.0
008 170524s9999 xx 000 0 und d
020 _a9789356064270
040 _cIIMT UNIVERSITY
100 _aRobin Stephenp
245 0 _aOrganizational Behavior
260 _aNew Delhi PHI
942 _2ddc
_c01
999 _c2990
_d2990